ZGADNIJ 150 AKTÓRÓW/AKTOREK PO ZDJĘCIU - Statystyki

Ogólne statystyki
  • Ten quiz został rozwiązany 174 razy
  • Średni wynik to 43 z 150
Statystyki odpowiedzi
Obrazkowy Odpowiedź % Poprawnych
Anthony Hopkins
74%
Margot Robbie
70%
Emma Watson
67%
Meryl Streep
67%
Ryan Gosling
67%
Harrison Ford
65%
Denzel Washington
63%
Bruce Willis
61%
Sylvester Stallone
61%
Emma Stone
60%
Keanu Reeves
60%
Vin Diesel
60%
Natalie Portman
58%
Quentin Tarantino
58%
Dwayne Johnson
56%
Arnold Schwarzenegger
54%
Cillian Murphy
53%
Jennifer Aniston
53%
Robert Pattinson
53%
Robin Williams
53%
Tom Holland
53%
Bradley Cooper
51%
Edward Norton
51%
Jack Nicholson
51%
Julia Roberts
51%
Ryan Reynolds
51%
Scarlett Johansson
51%
Kate Winslet
49%
Sandra Bullock
49%
Zendaya
49%
Daniel Radcliffe
47%
Jason Statham
47%
Kevin Spacey
47%
Benedict Cumberbatch
46%
Daniel Craig
46%
Jennifer Lawrence
46%
Mel Gibson
46%
Hugh Jackman
42%
Nicole Kidman
42%
Orlando Bloom
42%
Adrien Brody
40%
Mark Ruffalo
40%
Pedro Pascal
40%
Ben Affleck
39%
Chris Hemsworth
39%
Anne Hathaway
37%
Antonio Banderas
37%
Chris Evans
37%
Liam Neeson
37%
Alan Rickman
35%
Cate Blanchett
35%
Gary Oldman
35%
Joaquin Phoenix
35%
Timothee Chalamet
35%
Hugh Grant
33%
Jake Gyllenhaal
33%
Adam Driver
32%
Jude Law
32%
Andrew Garfield
30%
Helena Bonham Carter
30%
Javier Bardem
30%
Jean Reno
30%
Penelope Cruz
30%
Rami Malek
30%
Russel Crowe
30%
Willem Dafoe
30%
Chris Pratt
28%
George Clooney
28%
Ian McKellen
28%
Kevin Costner
28%
Ralph Fiennes
28%
Tom Hiddleston
28%
Woody Harrelson
28%
Channing Tatum
26%
Emily Blunt
26%
Henry Cavill
26%
Mark Wahlberg
26%
Sean Connery
26%
Colin Farrell
25%
Charlize Theron
23%
Colin Firth
23%
Jared Leto
23%
Joe Pesci
23%
Steve Carell
23%
Tommy Lee Jones
23%
Bryan Cranston
21%
Christoph Waltz
21%
Ewan McGregor
21%
Heath Ledger
21%
James Franco
21%
Jeremy Renner
21%
Mads Mikkelsen
21%
Maggie Smith
21%
Sebastian Stan
21%
Kristen Stewart
19%
Oscar Isaac
19%
Tilda Swinton
19%
Christopher Lee
18%
Eddie Redmayne
18%
Jamie Foxx
18%
Keira Knightley
18%
Michael Caine
18%
Viggo Mortensen
18%
Winona Ryder
18%
Bill Murray
16%
Mathew McConaughey
16%
Zoe Saldana
16%
Dave Bautista
14%
Idris Elba
14%
Michael Keaton
14%
Rachel McAdams
14%
Sean Bean
14%
Anya Taylor-Joy
12%
Ed Harris
12%
Emma Thompson
12%
Julianne Moore
12%
Martin Freeman
12%
Michael Fassbender
12%
Stanley Tucci
12%
Amy Adams
11%
Benicio del Toro
11%
James McAvoy
11%
Kurt Russell
11%
Rachel Weisz
11%
Stellan Skarsgard
11%
Andy Serkis
9%
Ethan Hawke
9%
Evan Peters
9%
Jeremy Irons
9%
Jonah Hill
9%
Peter Dinklage
9%
Hugo Weaving
7%
Michelle Pfeiffer
7%
Miles Teller
7%
Naomi Watts
7%
Nicholas Hoult
7%
Rosamund Pike
7%
Donald Sutherland
5%
Josh Brolin
5%
Laurence Fishburne
5%
Sam Rockwell
5%
Frances McDormand
4%
Geoffrey Rush
4%
Jessica Chastain
4%
Sam Clafin
4%
Sigourney Weaver
4%
Vera Farmiga
4%
Jonathan Kimble Simmons
2%
Jon Bernthal
2%
Mark Strong
2%
Nie znaleziono quizów pasujących do podanych kryteriów
Rozkład punktacji
Procent ludzi z każdym wynikiem
Percentyl według liczby udzielonych odpowiedzi
Twoja historia wyników
Nie rozwiązałeś tego quizu